000 00653nam a2200217Ii 4500
003 JO-AjNU
008 230605s9999||||xx |||||||||||||| ||und||
017 _a1992/9890
040 _aJO-AjNU
_bara
_erda
_cJO-AjNU
041 _aara
050 1 4 _aDT107.2 K42 1992
100 3 _aمحي الدين، خالد,
_eauthor
_98810
245 0 0 _aوالآن أتكلم
250 _aط1
264 3 1 _aالقاهرة: مركز الاهرام للترجمة والنشر، 1992
300 _a351ص
336 _atext
_btxt
_2rdacontent
337 _aunmediated
_bn
_2rdamedia
338 _avolume
_bnc
_2rdacarrier
650 4 _aتراجم-مصر-تاريخ
_98811
999 _aA978
_c4546
_d4546